All 2024 Olympic Medalists: Athletics - Statistics

General Stats
  • This quiz has been taken 49 times
  • The average score is 65 of 193
Answer Stats
Event Medal Nationality/Team Medalist % Correct
100m (Men's) Gold USA Noah Lyles
95%
200m (Men's) Bronze USA Noah Lyles
95%
Pole Vault (Men's) Gold Sweden Armand Duplantis
80%
400m Hurdles (Women's) Bronze Netherlands Femke Bol
80%
4x400m Relay (Women's) Silver Netherlands Femke Bol
80%
Mixed 4x400m Relay Gold Netherlands Femke Bol
80%
400m Hurdles (Men's) Silver Norway Karsten Warholm
80%
5000m (Women's) Bronze Netherlands Sifan Hassan
77%
10000m (Women's) Bronze Netherlands Sifan Hassan
77%
Marathon (Women's) Gold Netherlands Sifan Hassan
77%
5000m (Men's) Gold Norway Jakob Ingebrigtsen
75%
Heptathlon Silver Great Britain Katarina Johnson-Thompson
75%
200m (Men's) Gold Botswana Letsile Tebogo
75%
4x400m Relay (Men's) Silver Botswana Letsile Tebogo
75%
High Jump (Men's) Gold New Zealand Hamish Kerr
70%
1500m (Men's) Silver Great Britain Josh Kerr
70%
Javelin Throw (Men's) Silver India Neeraj Chopra
68%
100m (Women's) Silver USA Sha'Carri Richardson
68%
100m (Men's) Silver Jamaica Kishane Thompson
66%
Shot Put (Men's) Gold USA Ryan Crouser
66%
Discus Throw (Women's) Silver China Feng Bin
64%
400m Hurdles (Men's) Gold USA Rai Benjamin
64%
4x400m Relay (Men's) Gold USA Rai Benjamin
64%
400m Hurdles (Women's) Gold USA Sydney McLaughlin-Levrone
64%
4x400m Relay (Women's) Gold USA Sydney Mclaughlin-Levrone
64%
100m (Men's) Bronze USA Fred Kerley
61%
100m (Women's) Gold Saint Lucia Julien Alfred
61%
200m (Women's) Silver Saint Lucia Julien Alfred
61%
Heptathlon Gold Belgium Nafissatou Thiam
61%
1500m (Men's) Gold USA Cole Hocker
59%
110m Hurdles (Men's) Gold USA Grant Holloway
59%
400m Hurdles (Men's) Bronze Brazil Alison dos Santos
57%
4x100m Relay (Men's) Gold Canada Andre De Grasse
57%
200m (Women's) Gold USA Gabrielle Thomas
57%
4x100m Relay (Women's) Gold USA Gabrielle Thomas
57%
4x400m Relay (Women's) Gold USA Gabrielle Thomas
57%
400m (Men's) Silver Great Britain Matthew Hudson-Smith
57%
4x400m Relay (Men's) Bronze Great Britain Matthew Hudson-Smith
57%
1500m (Women's) Gold Kenya Faith Kipyegon
55%
5000m (Women's) Silver Kenya Faith Kipyegon
55%
3000m Steeplechase (Men's) Gold Morocco Soufiane El Bakkali
55%
4x100m Relay (Women's) Silver Great Britain Dina-Asher Smith
52%
200m (Men's) Silver USA Kenneth Bednarek
52%
400m (Women's) Gold Dominican Republic Marileidy Paulino
50%
Long Jump (Men's) Gold Greece Miltiadis Tentoglou
50%
400m (Men's) Gold USA Quincy Hall
50%
10000m (Men's) Gold Uganda Joshua Cheptegei
48%
800m (Women's) Gold Great Britain Keely Hodgkinson
48%
Long Jump (Women's) Silver Germany Malaika Mihambo
48%
Discus Throw (Men's) Silver Lithuania Mykolas Alekna
48%
4x100m Relay (Women's) Gold USA Sha'Carri Richardson
48%
4x400m Relay (Women's) Silver Netherlands Lieke Klaver
45%
Mixed 4x400m Relay Gold Netherlands Lieke Klaver
45%
20km Walk (Women's) Silver Spain Maria Perez
45%
Marathon Walk Relay Gold Spain Maria Perez
45%
Triple Jump (Men's) Silver Portugal Pedro Pichardo
45%
Pole Vault (Men's) Silver USA Sam Kendricks
45%
5000m (Women's) Gold Kenya Beatrice Chebet
43%
10000m (Women's) Gold Kenya Beatrice Chebet
43%
Pole Vault (Men's) Bronze Greece Emmanouil Karalis
43%
Pole Vault (Women's) Silver USA Katie Moon
43%
800m (Men's) Silver Canada Marco Arop
43%
High Jump (Men's) Bronze Qatar Mutaz Barshim
43%
Pole Vault (Women's) Gold Australia Nina Kennedy
43%
4x100m Relay (Men's) Silver South Africa Akani Simbine
41%
Triple Jump (Men's) Bronze Italy Andy Diaz
41%
Javelin Throw (Men's) Gold Pakistan Arshad Nadeem
41%
100m Hurdles (Women's) Bronze Puerto Rico Jasmine Camacho-Quinn
41%
Triple Jump (Men's) Gold Spain Jordan Diaz
41%
4x100m Relay (Men's) Bronze Great Britain Zharnel Hughes
41%
Hammer Throw (Men's) Gold Canada Ethan Katzberg
39%
10000m (Women's) Silver Italy Nadia Battocletti
39%
400m (Women's) Bronze Poland Natalia Kaczmarek
39%
5000m (Men's) Bronze USA Grant Fisher
36%
10000m (Men's) Bronze USA Grant Fisher
36%
1500m (Women's) Silver Australia Jessica Hull
36%
Shot Put (Men's) Silver USA Joe Kovacs
36%
100m Hurdles (Women's) Gold USA Masai Russell
36%
400m (Women's) Silver Bahrain Salwa Eid Naser
36%
Long Jump (Women's) Gold USA Tara Davis-Woodhall
36%
1500m (Men's) Bronze USA Yared Nuguse
36%
Javelin Throw (Men's) Bronze Grenada Anderson Peters
34%
4x100m Relay (Women's) Silver Great Britain Daryll Neita
34%
800m (Men's) Bronze Algeria Djamel Sedjati
34%
800m (Men's) Gold Kenya Emmanuel Wanyonyi
34%
1500m (Women's) Bronze Great Britain Georgia Bell
34%
Long Jump (Men's) Bronze Italy Mattia Furlani
34%
Discus Throw (Women's) Gold USA Valarie Allman
34%
High Jump (Women's) Gold Ukraine Yaroslava Mahuchikh
34%
4x100m Relay (Men's) Gold Canada Aaron Brown
32%
200m (Women's) Bronze USA Brittany Brown
32%
Decathlon Gold Norway Markus Rooth
32%
800m (Women's) Bronze Kenya Mary Moraa
32%
4x100m Relay (Men's) Bronze Great Britain Nethaneel Mitchell-Blake
32%
20km Walk (Men's) Bronze Spain Alvaro Martin
30%
Marathon Walk Relay Gold Spain Alvaro Martin
30%
Hammer Throw (Women's) Gold Canada Camryn Rogers
30%
Mixed 4x400m Relay Silver USA Kaylyn Brown
30%
100m (Women's) Bronze USA Melissa Jefferson
30%
4x100m Relay (Women's) Gold USA Melissa Jefferson
30%
400m (Men's) Bronze Zambia Muzala Samukonga
30%
High Jump (Women's) Silver Australia Nicola Olyslagers
30%
Heptathlon Bronze Belgium Noor Vidts
30%
3000m Steeplechase (Women's) Gold Bahrain Winfred Yavi
30%
Pole Vault (Women's) Bronze Canada Alysha Newman
27%
400m Hurdles (Women's) Silver USA Anna Cockrell
27%
Marathon (Men's) Silver Belgium Bashir Abdi
27%
4x100m Relay (Women's) Bronze Germany Gina Luckenkemp
27%
4x100m Relay (Men's) Gold Canada Jerome Blake
27%
Decathlon Silver Germany Leo Neugebauer
27%
Marathon (Men's) Gold Ethiopia Tamirat Tola
27%
100m Hurdles (Women's) Silver France Cyrena Samba-Mayela
25%
4x100m Relay (Men's) Bronze Great Britain Jeremiah Azu
25%
Discus Throw (Men's) Gold Jamaica Roje Stona
25%
Triple Jump (Women's) Gold Dominica Thea LaFond
25%
4x400m Relay (Men's) Gold USA Vernon Norwood
25%
Mixed 4x400m Relay Silver USA Vernon Norwood
25%
4x400m Relay (Women's) Bronze Great Britain Amber Anning
23%
Mixed 4x400m Relay Bronze Great Britain Amber Anning
23%
4x100m Relay (Women's) Silver Great Britain Amy Hunt
23%
Javelin Throw (Women's) Gold Japan Haruka Kitaguchi
23%
Mixed 4x400m Relay Bronze Great Britain Laviai Nielsen
23%
High Jump (Men's) Silver USA Shelby McEwen
23%
4x100m Relay (Women's) Gold USA Twanisha Terry
23%
110m Hurdles (Men's) Silver USA Daniel Roberts
20%
High Jump (Women's) Bronze Australia Eleanor Patterson
20%
4x400m Relay (Women's) Bronze Great Britain Laivai Nielsen
20%
Decathlon Bronze Grenada Lindon Victor
20%
Discus Throw (Women's) Bronze Croatia Sandra Elkasevic
20%
4x400m Relay (Men's) Silver Botswana Bayapo Ndori
18%
4x400m Relay (Women's) Silver Netherlands Lisanne de Witte
18%
Hammer Throw (Men's) Bronze Ukraine Mykhaylo Kokhan
18%
4x100m Relay (Women's) Bronze Germany Rebekka Haase
18%
Marathon (Women's) Silver Ethiopia Tigst Assefa
18%
4x400m Relay (Men's) Bronze Great Britain Alex Haydock-Wilson
16%
Mixed 4x400m Relay Bronze Great Britain Alex Haydock-Wilson
16%
Hammer Throw (Men's) Silver Hungary Bence Halasz
16%
10000m (Men's) Silver Ethiopia Berihu Aregawi
16%
4x400m Relay (Women's) Silver Netherlands Cathelijn Peeters
16%
Discus Throw (Men's) Bronze Australia Matthew Denny
16%
110m Hurdles (Men's) Bronze Jamaica Rasheed Broadbell
16%
Triple Jump (Women's) Silver Jamaica Shanieka Ricketts
16%
4x400m Relay (Women's) Gold USA Alexis Holmes
14%
20km Walk (Men's) Gold Ecuador Brian Pintado
14%
Marathon Walk Relay Silver Ecuador Brian Pintado
14%
4x400m Relay (Men's) Bronze Great Britain Charlie Dobson
14%
Long Jump (Women's) Bronze USA Jasmine Moore
14%
Triple Jump (Women's) Bronze USA Jasmine Moore
14%
4x400m Relay (Women's) Gold USA Shamier Little
14%
Mixed 4x400m Relay Silver USA Shamier Little
14%
Long Jump (Men's) Silver Jamaica Wayne Pinnock
14%
Hammer Throw (Women's) Silver USA Annette Echikunwoke
11%
Marathon (Men's) Bronze Kenya Benson Kipruto
11%
4x400m Relay (Men's) Gold USA Christopher Bailey
11%
4x100m Relay (Women's) Silver Great Britain Imani-Lara Lansiquot
11%
Mixed 4x400m Relay Gold Netherlands Isaya Klein Ikkink
11%
4x100m Relay (Women's) Bronze Germany Lisa Meyer
11%
Shot Put (Women's) Silver New Zealand Maddi Wesche
11%
Javelin Throw (Women's) Bronze Czechia Nikola Ogrodnikova
11%
3000m Steeplechase (Women's) Silver Uganda Peruth Chemutai
11%
Shot Put (Men's) Bronze Jamaica Rajindra Campbell
11%
800m (Women's) Silver Ethiopia Tsige Duguma
11%
20km Walk (Men's) Silver Brazil Caio Bonfim
9%
Mixed 4x400m Relay Gold Netherlands Eugene Omalla
9%
20km Walk (Women's) Bronze Australia Jemima Montag
9%
Marathon Walk Relay Bronze Australia Jemima Montag
9%
3000m Steeplechase (Men's) Silver USA Kenneth Rooks
9%
4x100m Relay (Men's) Bronze Great Britain Louis Hinchliffe
9%
Shot Put (Women's) Gold Germany Yemisi Ogunleye
9%
4x100m Relay (Men's) Gold Canada Brendon Rodney
7%
4x400m Relay (Men's) Gold USA Bryce Deadmon
7%
Mixed 4x400m Relay Silver USA Bryce Deadmon
7%
4x400m Relay (Men's) Silver Botswana Busang Collen Kebinatshipi
7%
3000m Steeplechase (Women's) Bronze Kenya Faith Cherotich
7%
Marathon (Women's) Bronze Kenya Hellen Obiri
7%
Javelin Throw (Women's) Silver South Africa Jo-Ane van Dyk
7%
4x400m Relay (Women's) Bronze Great Britain Nicole Yeargin
7%
5000m (Men's) Silver Kenya Ronald Kwemoi
7%
4x100m Relay (Men's) Silver South Africa Shaun Maswanganyi
7%
4x400m Relay (Women's) Bronze Great Britain Victoria Ohuruogu
7%
3000m Steeplechase (Men's) Bronze Kenya Abraham Kibiwot
5%
4x100m Relay (Women's) Bronze Germany Alexandra Burghardt
5%
4x100m Relay (Men's) Silver South Africa Bayanda Walaza
5%
4x100m Relay (Men's) Silver South Africa Bradley Nkoana
5%
4x400m Relay (Men's) Bronze Great Britain Lewis Davey
5%
Marathon Walk Relay Bronze Australia Rhydian Cowley
5%
Mixed 4x400m Relay Bronze Great Britain Samuel Reardon
5%
Shot Put (Women's) Bronze China Song Jiayuan
5%
20km Walk (Women's) Gold China Yang Jiayu
5%
Hammer Throw (Women's) Bronze China Zhao Jie
5%
4x400m Relay (Men's) Silver Botswana Anthony Pesala
2%
Marathon Walk Relay Silver Ecuador Glenda Morejon
2%
High Jump (Women's) Bronze Ukraine Iryna Gerashchenko
2%
No matching quizzes found
Score Distribution
Percent of People with Each Score
Percentile by Number Answered
Your Score History
You have not taken this quiz